| 000 | 00668nam a2200241Ia 4500 | ||
|---|---|---|---|
| 003 | OSt | ||
| 005 | 20221007103522.0 | ||
| 006 | a|||||r|||| 00| 0 | ||
| 007 | ta | ||
| 008 | 221006b |||||||| |||| 00| 0 eng d | ||
| 024 | _a13,410 | ||
| 037 | _cTextual | ||
| 040 |
_aLCO _cLCO _beng |
||
| 041 |
_2eng _aeng |
||
| 082 | _aZ(Q2) 0b X724, L2 | ||
| 100 |
_aSeth D.D. _9232162 |
||
| 245 | 0 | _aHindu Law of Partition and Income Tax Law | |
| 260 |
_aAllahabad _bDelhi Law House India _c1972 |
||
| 300 | _a400 | ||
| 650 |
_aHindu law and Income Tax Law _9705161 |
||
| 942 |
_hZ(Q2) 0b X724, L2 _cTEXL |
||
| 999 |
_c1182973 _d1182973 |
||